| 000 | 00444nam a2200181Ia 4500 | ||
|---|---|---|---|
| 005 | 20250423094858.0 | ||
| 008 | 250422s9999 xx 000 0 und d | ||
| 020 | _a0-8299-0420-4 | ||
| 050 | _aHF 5415.3 .W543/ | ||
| 100 | _aWilliams, Terrell G. | ||
| 245 | 0 | _aConsumer behavior : fundamentals & strategies | |
| 260 | _aNew York | ||
| 260 | _bWest Publishing | ||
| 260 | _c1982 | ||
| 300 | _a565 p | ||
| 650 | _aMarketing | ||
| 942 | _cBK | ||
| 999 |
_c28568 _d28568 |
||